000 00619cam a22002411 4500
001 sa 63002052
003 DLC
005 20260227111931.0
008 890417s1962 ii b 000 0 hino
010 _asa 63002052
035 _a(OCoLC)19560082
040 _aDLC
_cWaU
_dDLC
042 _apremarc
043 _aa-ii---
050 0 0 _aPK2040
_b.T68
100 1 _aTripathi, J. N.
245 1 0 _aĀdhunika Hindī-kavitā meṃ alaṅkāra-vidhāna.
260 _c[1962]
300 _a306 p.
_c25 cm.
500 _aIn Hindi.
504 _aIncludes bibliography.
650 0 _aHindi poetry
_xHistory and criticism.
999 _c54280
_d54280